00339nam a2200109Ia 4500008004100000082000800041100002000049245004000069942000600109952009900115999001500214240331s9999 xx 000 0 und d bTHI aThiruchelvam, N 0aCivil disobedience and other essays cL 001040708LaWERCLbWERCLcSSCd2024-03-31l0o 320.954 THIp5933r2024-03-31w2024-03-31yL c3950d3950